000 00920nac a22002777a 4500
001 BR7800395
003 BR-BrBNA
005 20240105114204.0
008 230509b bl.|||m| |||| 00| 0 por d
040 _aBR-BrBNA
_bpor
_cBiblioteca Nacional de Agricultura
072 _aE10; M10
090 _aE10 BR7800395
110 1 _aPrograma de Pesquisa e Desenvolvimento Pesqueiro do Brasil, Brasilia, DF (Brasil)
_97976
245 1 _aBoletim do mercado pesqueiro. Dados estatisticos e informacoes gerais
260 3 _aBrasilia, DF (Brasil):
_c1977.
300 _a40 p.
490 _aBoletim do Mercado Pesqueiro - Programa de Pesquisa e Desenvolvimento Pesqueiro do Brasil (Brazil)
_vv. 9(8)
_x
500 _aNumerical data
650 _aIMPORTACAO
650 _aTARIFA
650 _aEXPORTACAO
650 _aPRECO
650 _aPEIXE
909 _a202312
_bLúcia Elande
_c55
_dLúcia Elande
942 _2AGRIS
_n0
_cMS
999 _c267893
_d267893